Normal view
MARC view
Entry Término temático
001 - NÚMERO DE CONTROL
- campo de control: 137730
003 - IDENTIFICADOR DEL NÚMERO DE CONTROL
- campo de control: OSt
005 - FECHA Y HORA DE LA ÚLTIMA TRANSACCIÓN
- campo de control: 20250919095345.0
008 - DATOS DE LONGITUD FIJA
- campo de control de longitud fija: 220127|| aca||aabn | a|a d
040 ## - FUENTE DE LA CATALOGACIÓN
- Centro catalogador/agencia de origen: OSt
- Centro/agencia transcriptor: OSt
150 1# - ENCABEZAMIENTO--TÉRMINO DE MATERIA
- Término de materia o nombre geográfico como elemento de entrada: Política agrícola
- Subdivisión geográfica: México
670 ## - FUENTE DE DATOS ENCONTRADOS
- Cita de la fuente: Work cat.: (OSt)163564: Torres Barrientos, José Luis 114047, Deficiencias más frecuentes en la formulación de proyectos agropecuarios de crédito, repercusión en la falta de pago a los bancos y recomendaciones para evitarlas /, 1995
